000
00367nam a2200133Ia 4500
008
100328s9999 xx 000 0 und d
082
_b
59374
100
_a
गस्ती भीमराव.
245
_a
सांजवारा.
260
_b
राज्ञी.
630
_a
सांजवारा.
730
_a
सांजवारा.
942
_c
BOOK
999
_c
545607
_d
545604